Les 10 meilleurs défenseurs centraux ALL TIME - Statistiques

Statistiques générales
  • Ce quiz a été pris 387 fois
  • Le résultat moyen est 6 sur 10
Statistiques - réponses
Joueurs % Correct
1. Ramos
97%
2. Maldini
87%
9. Pique
64%
6. Puyol
64%
5. Pepe
61%
3. Nesta
59%
10. Van Dijk
52%
7. Ferdinand
39%
4. Vidic
32%
8. Terry
22%
Aucun quiz correspondant
Distribution des résultats
% des personnes avec chaque résultat
Percentile par nombre de réponses
Votre historique - résultats
Vous n’avez pas pris ce quiz